[Event "John Bishop Minor 2017"]
[Site "Cardiff"]
[Date "2017.04.14"]
[Round "1.1"]
[White "Smith, Alun"]
[Black "Davies, Gareth"]
[Result "1/2-1/2"]
[WhiteElo "1593"]
[BlackElo "1340"]
[PlyCount "85"]
[EventDate "2017.04.14"]
[EventType "swiss"]
[EventRounds "7"]
[EventCountry "WLS"]
[SourceDate "2017.05.27"]

1. e4 Nf6 2. e5 Nd5 3. d4 d6 4. Nf3 dxe5 5. dxe5 Qd7 6. Bd2 e6 7. Nc3 Nxc3 8.
Bxc3 Be7 9. Bd3 b6 10. Qe2 c5 11. Rd1 Qc7 12. O-O O-O 13. a3 Bb7 14. Rfe1 Nc6
15. Qe4 g6 16. Qg4 Rfd8 17. Bd2 Nd4 18. Ng5 Bxg5 19. Bxg5 Rd7 20. Bf6 Nf5 21.
Qh3 Qc6 22. f3 h5 23. Be4 Qc7 24. Rxd7 Qxd7 25. Bxb7 Qxb7 26. c3 Qd5 27. g4 Qd2
28. Rf1 Qe3+ 29. Kh1 Ng7 30. Bxg7 Kxg7 31. gxh5 Rh8 32. Qg3 Rxh5 33. Qe1 Qf4
34. Rf2 Rxe5 35. Qd2 Qxd2 36. Rxd2 Rd5 37. Re2 Kf6 38. Kg2 e5 39. Kg3 Kf5 40.
h3 g5 41. Kf2 a5 42. Kg3 c4 43. Kf2 1/2-1/2

[Event "John Bishop Minor 2017"]
[Site "Cardiff"]
[Date "2017.04.14"]
[Round "1.2"]
[White "Hamadah, Muhieddin"]
[Black "Jones, Jeremy"]
[Result "1/2-1/2"]
[WhiteElo "1302"]
[BlackElo "1576"]
[PlyCount "103"]
[EventDate "2017.04.14"]
[EventType "swiss"]
[EventRounds "7"]
[EventCountry "WLS"]
[SourceDate "2017.05.27"]

1. e4 e5 2. Nf3 Nc6 3. Nc3 d6 4. h3 Nf6 5. Bc4 Be7 6. d3 O-O 7. Be3 a6 8. O-O
Bd7 9. a3 Qc8 10. Nh2 Nd4 11. Ne2 Nxe2+ 12. Qxe2 c6 13. c3 d5 14. exd5 cxd5 15.
Ba2 Re8 16. Bg5 e4 17. Bxf6 Bxf6 18. Bxd5 exd3 19. Qxd3 Bf5 20. Qc4 Qxc4 21.
Bxc4 Re7 22. Rfe1 Rae8 23. Rxe7 Rxe7 24. Kf1 b5 25. Bb3 Bd3+ 26. Kg1 Re2 27.
Rd1 Bc2 28. Bxc2 Rxc2 29. Rb1 Kf8 30. Ng4 Bg5 31. Ne5 Bf6 32. Nd7+ Ke7 33. Nxf6
Kxf6 34. Kf1 a5 35. Ke1 a4 36. Kf1 Kf5 37. b3 Rxc3 38. bxa4 bxa4 39. Ra1 Rc2
40. Re1 Rc3 41. Re3 Rxe3 42. fxe3 h5 43. Kf2 Ke4 44. Ke2 h4 45. Kd2 g5 46. Ke2
f5 47. Kd2 g4 48. Ke2 g3 49. Kd2 Ke5 50. Kd3 Kd5 51. Kc3 Ke4 52. Kd2 1/2-1/2

[Event "John Bishop Minor 2017"]
[Site "Cardiff"]
[Date "2017.04.14"]
[Round "1.3"]
[White "Langmaid, Kevin"]
[Black "Williams, Allan"]
[Result "1-0"]
[WhiteElo "1562"]
[BlackElo "1269"]
[PlyCount "59"]
[EventDate "2017.04.14"]
[EventType "swiss"]
[EventRounds "7"]
[EventCountry "WLS"]
[SourceDate "2017.05.27"]

1. e4 c5 2. Nf3 e6 3. d4 Nc6 4. d5 exd5 5. exd5 Nb8 6. Be3 d6 7. h3 Nf6 8. c4
Be7 9. Bd3 O-O 10. O-O h6 11. Nc3 a6 12. Re1 Nbd7 13. Bf4 Re8 14. Ne4 Nxe4 15.
Rxe4 Nf6 16. Re3 Nh5 17. Bh2 Bg5 18. Rxe8+ Qxe8 19. Bxd6 Bf6 20. Qc2 Bxh3 21.
gxh3 Qd7 22. Bh2 Qxh3 23. Qe2 Bxb2 24. Qxb2 Qxf3 25. Qe2 Qxe2 26. Bxe2 Nf6 27.
Bf3 b5 28. a3 Rc8 29. d6 h5 30. Bb7 1-0

[Event "John Bishop Minor 2017"]
[Site "Cardiff"]
[Date "2017.04.14"]
[Round "1.4"]
[White "Farhadi, Mohammad"]
[Black "Peters, Chris"]
[Result "0-1"]
[WhiteElo "1261"]
[BlackElo "1539"]
[PlyCount "122"]
[EventDate "2017.04.14"]
[EventType "swiss"]
[EventRounds "7"]
[EventCountry "WLS"]
[SourceDate "2017.05.27"]

1. d4 Nf6 2. c4 d5 3. Nc3 g6 4. Nf3 Bg7 5. Bf4 O-O 6. Qc2 c6 7. e3 Qa5 8. a3
dxc4 9. Bxc4 Bf5 10. Bd3 Bxd3 11. Qxd3 Nd5 12. O-O Nxf4 13. exf4 Nd7 14. Ne5
Rad8 15. b4 Qc7 16. Rac1 Nxe5 17. fxe5 Bxe5 18. Nb5 Qb6 19. Qe2 Bf6 20. Nc3
Rxd4 21. Ne4 Bg7 22. Nc5 Qc7 23. Rfd1 Rfd8 24. Rxd4 Rxd4 25. Re1 Bf6 26. Ne4
Kg7 27. Nxf6 exf6 28. Kf1 Qxh2 29. Qe3 Qh1+ 30. Ke2 Qh5+ 31. f3 Qe5 32. Kf2
Qxe3+ 33. Rxe3 Kf8 34. Ke2 b6 35. Rc3 Rd6 36. Kf2 Ke7 37. Rc4 Ke6 38. Rh4 h5
39. g4 Rd5 40. Ke3 Re5+ 41. Kf2 hxg4 42. Rxg4 a5 43. Rh4 axb4 44. axb4 Rb5 45.
Re4+ Kd6 46. Ke3 Re5 47. f4 Rxe4+ 48. Kxe4 f5+ 49. Kd4 b5 50. Kd3 Kd5 51. Kc3
Ke4 52. Kd2 Kxf4 53. Kd3 Ke5 54. Ke3 f4+ 55. Kf3 f5 56. Ke2 Ke4 57. Kf2 f3 58.
Ke1 Ke3 59. Kf1 f2 60. Kg2 Ke2 61. Kg3 f4+ 0-1

[Event "John Bishop Minor 2017"]
[Site "Cardiff"]
[Date "2017.04.14"]
[Round "1.5"]
[White "Phillips, Roger"]
[Black "Jones, Dwain"]
[Result "1/2-1/2"]
[WhiteElo "1510"]
[BlackElo "1245"]
[PlyCount "123"]
[EventDate "2017.04.14"]
[EventType "swiss"]
[EventRounds "7"]
[EventCountry "WLS"]
[SourceDate "2017.05.27"]

1. d4 c5 2. d5 d6 3. c4 g6 4. Nc3 Bg7 5. e4 Nd7 6. Nf3 Ngf6 7. Be2 O-O 8. O-O
a6 9. h3 Qc7 10. Qc2 e5 11. Rb1 Nh5 12. b4 Nf4 13. Bxf4 exf4 14. bxc5 Nxc5 15.
Nd2 Bd7 16. Bf3 Rab8 17. Nb3 Nxb3 18. axb3 b5 19. Ne2 bxc4 20. bxc4 a5 21. Rfc1
a4 22. c5 dxc5 23. Rxb8 Rxb8 24. Qxc5 Qxc5 25. Rxc5 Rb1+ 26. Kh2 Be5 27. Bg4
Bxg4 28. hxg4 f3+ 29. Ng3 fxg2 30. Kxg2 a3 31. Ra5 Rb3 32. Nf1 Rd3 33. Ne3 Rd4
34. Rxa3 Rxe4 35. Rd3 Bd6 36. f3 Rf4 37. Rd2 Kg7 38. Kf2 Kf6 39. Rc2 Ke5 40.
Nc4+ Kxd5 41. Nxd6 Kxd6 42. Re2 Rf6 43. Re8 g5 44. Kg3 Re6 45. Rg8 Rg6 46. Re8
Re6 47. Rg8 h6 48. Rb8 Ke7 49. Rb1 Kf6 50. Rh1 Kg6 51. Kf2 f5 52. Kg3 fxg4 53.
fxg4 Re3+ 54. Kf2 Re4 55. Kg3 Re3+ 56. Kf2 Rd3 57. Kg2 Rd8 58. Rh5 Rd4 59. Kg3
Rd3+ 60. Kg2 Rd6 61. Kg3 Rf6 62. Rh1 1/2-1/2

[Event "John Bishop Minor 2017"]
[Site "Cardiff"]
[Date "2017.04.14"]
[Round "1.6"]
[White "Rees, Morgan"]
[Black "Jones, Martin K"]
[Result "1/2-1/2"]
[WhiteElo "1234"]
[BlackElo "1503"]
[Annotator ",jthornton126@btinter"]
[PlyCount "93"]
[EventDate "2017.04.14"]
[EventType "swiss"]
[EventRounds "7"]
[EventCountry "WLS"]
[SourceDate "2017.05.27"]

1. e4 e6 2. d4 d5 3. e5 b6 4. Nf3 Ba6 5. Bxa6 Nxa6 6. a3 c5 7. Qe2 Nb8 8. dxc5
bxc5 9. Qb5+ Qd7 10. Nc3 a6 11. Qxd7+ Nxd7 12. b3 Ne7 13. O-O Nc6 14. Bb2 Be7
15. Rfe1 O-O 16. Rad1 Rab8 17. Bc1 Rfe8 18. Bf4 Rbc8 19. Na2 Nb6 20. c3 c4 21.
b4 Na4 22. Rb1 Rb8 23. Red1 Rb7 24. Nd4 Nxd4 25. Rxd4 a5 26. Rdd1 Reb8 27. Bd2
Nc5 28. Nc1 Ne4 29. Ne2 axb4 30. axb4 Ra8 31. f3 Nxd2 32. Rxd2 Rba7 33. Rdd1
Bd8 34. g3 Bb6+ 35. Kg2 Ra2 36. Kf1 Kf8 37. h4 Ke7 38. f4 f5 39. exf6+ gxf6 40.
Re1 Rc2 41. Nd4 Bxd4 42. cxd4 Raa2 43. f5 Rf2+ 44. Kg1 Rxf5 45. b5 Rff2 46. b6
Rfb2 47. b7 1/2-1/2

[Event "John Bishop Minor 2017"]
[Site "Cardiff"]
[Date "2017.04.14"]
[Round "1.7"]
[White "Hughes, Beryl"]
[Black "Smith, Ellison"]
[Result "0-1"]
[WhiteElo "1444"]
[BlackElo "1179"]
[PlyCount "58"]
[EventDate "2017.04.14"]
[EventType "swiss"]
[EventRounds "7"]
[EventCountry "WLS"]
[SourceDate "2017.05.27"]

1. d4 e6 2. Nf3 d5 3. e3 c5 4. Bb5+ Nc6 5. Bxc6+ bxc6 6. Nbd2 cxd4 7. exd4 c5
8. O-O Qb6 9. Nb3 cxd4 10. Nbxd4 Nf6 11. b3 Bc5 12. Bb2 O-O 13. Qd3 Ba6 14. c4
e5 15. Nxe5 Rfe8 16. Nef3 dxc4 17. Qd2 c3 18. Bxc3 Bxf1 19. Rxf1 Ne4 20. Qc2
Rad8 21. Nf5 Nxc3 22. Qxc3 f6 23. Ng5 Re5 24. Qc4+ Rdd5 25. Rd1 fxg5 26. Rxd5
Re1+ 27. Qf1 Rxf1+ 28. Kxf1 Qb5+ 29. Ke1 Bb4+ 0-1

[Event "John Bishop Minor 2017"]
[Site "Cardiff"]
[Date "2017.04.14"]
[Round "1.8"]
[White "Smith, Callum"]
[Black "Chong, Kimberly"]
[Result "0-1"]
[WhiteElo "1082"]
[BlackElo "1441"]
[PlyCount "120"]
[EventDate "2017.04.14"]
[EventType "swiss"]
[EventRounds "7"]
[EventCountry "WLS"]
[SourceDate "2017.05.27"]

1. e4 c5 2. Nf3 d6 3. Bc4 e6 4. Nc3 a6 5. O-O Nf6 6. Re1 Be7 7. d3 O-O 8. Bg5
Nc6 9. d4 b5 10. Bf1 cxd4 11. Nxd4 Nxd4 12. Qxd4 e5 13. Qd2 Bb7 14. Rad1 b4 15.
Bxf6 bxc3 16. bxc3 Bxf6 17. Qxd6 Qxd6 18. Rxd6 Rad8 19. Rb6 Rd7 20. Bxa6 Bxa6
21. Rxa6 Rd2 22. g3 Rxc2 23. Re3 Be7 24. Ra5 f6 25. Rd3 Rd8 26. Rxd8+ Bxd8 27.
Ra8 Rd2 28. a4 Kf7 29. a5 Kg6 30. a6 Bb6 31. Rb8 Bxf2+ 32. Kf1 Ra2 33. Rc8 Ba7
34. Rc6 Rxh2 35. c4 Rc2 36. Ke1 Ra2 37. c5 Ra5 38. Rc8 Bxc5 39. Ra8 Ra2 40. Rc8
Bd4 41. Rc6 Bf2+ 42. Kd1 Bxg3 43. Rc3 Bf2 44. Rc2 Rxc2 45. Kxc2 h5 46. Kd2 Bd4
47. Ke2 Kg5 48. Kf3 g6 49. Kg3 f5 50. exf5 gxf5 51. a7 Bxa7 52. Kh3 f4 53. Kg2
Kg4 54. Kh2 e4 55. Kg2 h4 56. Kh1 Bb8 57. Kg1 e3 58. Kf1 h3 59. Kg1 e2 60. Kh2
f3+ 0-1

[Event "John Bishop Minor 2017"]
[Site "Cardiff"]
[Date "2017.04.14"]
[Round "1.9"]
[White "Mason, Ed"]
[Black "Christmas, Rosie"]
[Result "1-0"]
[WhiteElo "1422"]
[BlackElo "1039"]
[PlyCount "95"]
[EventDate "2017.04.14"]
[EventType "swiss"]
[EventRounds "7"]
[EventCountry "WLS"]
[SourceDate "2017.05.27"]

1. e4 e6 2. d4 d5 3. Nd2 a6 4. e5 g6 5. f4 Bg7 6. Ngf3 Ne7 7. Bd3 O-O 8. g4 f6
9. O-O Nd7 10. Rf2 c5 11. c3 c4 12. Bc2 b5 13. Nf1 Bb7 14. Qe2 a5 15. a3 Nc6
16. exf6 Qxf6 17. g5 Qe7 18. Ne5 Ndxe5 19. fxe5 Rxf2 20. Qxf2 Rf8 21. Qe2 Nd8
22. h4 Nf7 23. Nh2 h6 24. Nf3 Kh7 25. gxh6 Nxh6 26. Ng5+ Kg8 27. Bxg6 Kh8 28.
Qh5 Bc6 29. Nf7+ Rxf7 30. Bxf7 Qxf7 31. Qxf7 Nxf7 32. Bd2 Nh6 33. Rf1 Nf5 34.
Bg5 Bd7 35. Kg2 Kh7 36. Kh3 Bh6 37. Rg1 a4 38. Bxh6 Nxh6 39. h5 Be8 40. Kh4
Nf5+ 41. Kg5 Ng7 42. Kf6 Nxh5+ 43. Kxe6 Ng7+ 44. Kxd5 Kg8 45. Kd6 Kf7 46. Rf1+
Kg8 47. Ke7 Bc6 48. Rf6 1-0

[Event "John Bishop Minor 2017"]
[Site "Cardiff"]
[Date "2017.04.14"]
[Round "1.10"]
[White "Cannon, Dale"]
[Black "Watkins, Peter"]
[Result "1-0"]
[WhiteElo "1000"]
[BlackElo "1390"]
[PlyCount "65"]
[EventDate "2017.04.14"]
[EventType "swiss"]
[EventRounds "7"]
[EventCountry "WLS"]
[SourceDate "2017.05.27"]

1. e4 d6 2. Nf3 e5 3. d4 Nd7 4. Bc4 c6 5. O-O Be7 6. Re1 Ngf6 7. Nc3 O-O 8. Bb3
b5 9. a3 Bb7 10. dxe5 dxe5 11. Bg5 Qc7 12. Qe2 Rad8 13. Rad1 Nc5 14. Bxf6 Bxf6
15. Qe3 Nxb3 16. cxb3 a6 17. Qc5 Qb8 18. b4 Rfe8 19. Rxd8 Rxd8 20. Rd1 Rxd1+
21. Nxd1 Qd8 22. Nc3 g6 23. Nxe5 Bxe5 24. Qxe5 f6 25. Qc5 Qd2 26. h3 Qc1+ 27.
Kh2 Qf4+ 28. g3 Qb8 29. Qe7 f5 30. e5 Qc8 31. e6 c5 32. Qf7+ Kh8 33. e7 1-0

[Event "John Bishop Minor 2017"]
[Site "Cardiff"]
[Date "2017.04.14"]
[Round "1.11"]
[White "McLoughlin, Mike"]
[Black "Jaberansari, Benjamin"]
[Result "1-0"]
[WhiteElo "1388"]
[BlackElo "855"]
[PlyCount "105"]
[EventDate "2017.04.14"]
[EventType "swiss"]
[EventRounds "7"]
[EventCountry "WLS"]
[SourceDate "2017.05.27"]

1. e4 d5 2. exd5 Nf6 3. Nf3 Nxd5 4. d4 Nc6 5. Bc4 Bf5 6. Nc3 e6 7. O-O Nxc3 8.
bxc3 Bd6 9. Bd3 Bg4 10. Be4 O-O 11. Qd3 f5 12. Bxc6 bxc6 13. Re1 Rf6 14. Bg5
Rb8 15. Bxf6 Qxf6 16. Rab1 Rxb1 17. Rxb1 Bxf3 18. Qxf3 Qh4 19. g3 Qe4 20. Qxe4
fxe4 21. Re1 e5 22. Rxe4 exd4 23. cxd4 c5 24. d5 a5 25. c4 a4 26. Re8+ Kf7 27.
Ra8 Kf6 28. Rxa4 Ke5 29. Kf1 g5 30. f3 h5 31. Ke2 Kd4 32. Kd2 Be5 33. Ra8 g4
34. f4 Bf6 35. Rb8 Kxc4 36. a4 Kxd5 37. a5 Bd4 38. Rd8+ Kc4 39. Rxd4+ Kxd4 40.
a6 c4 41. a7 c3+ 42. Kc2 c5 43. a8=Q c4 44. Qd8+ Ke3 45. Qh8 Kf3 46. Qxh5 Kg2
47. Qxg4 Kxh2 48. Kxc3 Kg2 49. Kxc4 Kh2 50. Kd3 Kg2 51. Ke2 Kh1 52. Kf2 Kh2 53.
Qh4# 1-0

[Event "John Bishop Minor 2017"]
[Site "Cardiff"]
[Date "2017.04.14"]
[Round "1.12"]
[White "Lutchman Singh, Vedant"]
[Black "Eddershaw, John"]
[Result "0-1"]
[WhiteElo "850"]
[BlackElo "1346"]
[PlyCount "56"]
[EventDate "2017.04.14"]
[EventType "swiss"]
[EventRounds "7"]
[EventCountry "WLS"]
[SourceDate "2017.05.27"]

1. e4 c5 2. Nc3 d6 3. Nd5 e6 4. Bb5+ Nd7 5. Nc3 Ngf6 6. Bc4 Be7 7. Nf3 a6 8.
O-O O-O 9. Re1 b5 10. d4 bxc4 11. e5 Nd5 12. Ne4 dxe5 13. dxe5 Qc7 14. Nfg5
Nxe5 15. Qh5 Bxg5 16. Nxg5 Nf6 17. Qh4 Ng6 18. Qh3 Rd8 19. b3 h6 20. Nf3 e5 21.
Qg3 Nh5 22. Be3 Nxg3 23. hxg3 cxb3 24. axb3 Bb7 25. Nd2 Qc6 26. Kf1 a5 27. Nc4
Qxg2+ 28. Ke2 Bf3# 0-1

[Event "John Bishop Minor 2017"]
[Site "Cardiff"]
[Date "2017.04.14"]
[Round "2.1"]
[White "Eddershaw, John"]
[Black "Langmaid, Kevin"]
[Result "1-0"]
[WhiteElo "1346"]
[BlackElo "1562"]
[PlyCount "31"]
[EventDate "2017.04.14"]
[EventType "swiss"]
[EventRounds "7"]
[EventCountry "WLS"]
[SourceDate "2017.05.27"]

1. d4 d5 2. e3 e6 3. Bd3 Nf6 4. Nf3 Nbd7 5. Nbd2 c5 6. b3 cxd4 7. exd4 Bb4 8.
Bb2 Qc7 9. O-O O-O 10. Qe2 Re8 11. Ne5 Bc3 12. Rab1 Bxb2 13. Rxb2 Qc3 14. Rfb1
Qxd4 15. Ndf3 Nc5 16. Nxd4 1-0

[Event "John Bishop Minor 2017"]
[Site "Cardiff"]
[Date "2017.04.14"]
[Round "2.2"]
[White "Peters, Chris"]
[Black "McLoughlin, Mike"]
[Result "1-0"]
[WhiteElo "1539"]
[BlackElo "1388"]
[PlyCount "49"]
[EventDate "2017.04.14"]
[EventType "swiss"]
[EventRounds "7"]
[EventCountry "WLS"]
[SourceDate "2017.05.27"]

1. e4 e5 2. Nf3 Nc6 3. Bb5 a6 4. Ba4 d6 5. O-O Nf6 6. Re1 b5 7. Bb3 Na5 8. h3
Be7 9. c3 Nxb3 10. axb3 c5 11. d3 Bb7 12. Nbd2 O-O 13. Nf1 Qc7 14. Ng3 Bc6 15.
Nh2 Rfe8 16. Ng4 Nxg4 17. hxg4 Bf8 18. Nh5 Bb7 19. Re3 d5 20. g5 Re6 21. Rg3 d4
22. Nf6+ gxf6 23. gxf6+ Kh8 24. Qg4 Bh6 25. Bxh6 1-0

[Event "John Bishop Minor 2017"]
[Site "Cardiff"]
[Date "2017.04.14"]
[Round "2.3"]
[White "Chong, Kimberly"]
[Black "Cannon, Dale"]
[Result "0-1"]
[WhiteElo "1441"]
[BlackElo "1000"]
[PlyCount "36"]
[EventDate "2017.04.14"]
[EventType "swiss"]
[EventRounds "7"]
[EventCountry "WLS"]
[SourceDate "2017.05.27"]

1. e4 d6 2. d4 Nf6 3. Nc3 Nbd7 4. Nf3 e5 5. dxe5 dxe5 6. Bc4 Be7 7. O-O O-O 8.
Re1 c6 9. h3 Re8 10. Ng5 Rf8 11. Be3 h6 12. Nxf7 Rxf7 13. Bxf7+ Kxf7 14. Qf3 g5
15. h4 g4 16. Qg3 Qh8 17. f3 Nh5 18. Qxg4 Ndf6 0-1

[Event "John Bishop Minor 2017"]
[Site "Cardiff"]
[Date "2017.04.14"]
[Round "2.4"]
[White "Shahameeran, Ashika"]
[Black "Mason, Ed"]
[Result "0-1"]
[WhiteElo "850"]
[BlackElo "1422"]
[PlyCount "96"]
[EventDate "2017.04.14"]
[EventType "swiss"]
[EventRounds "7"]
[EventCountry "WLS"]
[SourceDate "2017.05.27"]

1. e4 e5 2. Nf3 Nc6 3. Nc3 Bb4 4. Nd5 Nf6 5. Nxb4 Nxb4 6. Nxe5 Qe7 7. d4 Nxe4
8. Bc4 O-O 9. O-O d6 10. Qe2 Nxc2 11. Qxe4 Nxa1 12. Bd3 f5 13. Bc4+ Be6 14.
Bxe6+ Qxe6 15. Qf3 dxe5 16. d5 Qd6 17. Qg3 e4 18. Qc3 Rf7 19. b3 Qxd5 20. Bb2
Rd8 21. h3 Qd2 22. Bxa1 Qxc3 23. Bxc3 Rd3 24. Bb4 Rfd7 25. Rc1 Rd1+ 26. Rxd1
Rxd1+ 27. Kh2 Ra1 28. a4 Rb1 29. Kg3 Rxb3+ 30. Kf4 Rxb4 31. Kxf5 Rxa4 32. h4 c5
33. f3 exf3 34. gxf3 Rxh4 35. Ke5 c4 36. f4 c3 37. f5 c2 38. Ke6 c1=Q 39. f6
Qe3+ 40. Kd7 Rd4+ 41. Kc7 Qc3+ 42. Kb8 Rd8+ 43. Kxa7 Qa5+ 44. Kxb7 Qb5+ 45. Kc7
Rd7+ 46. Kc8 Qc6+ 47. Kb8 Rb7+ 48. Ka8 Qa6# 0-1

[Event "John Bishop Minor 2017"]
[Site "Cardiff"]
[Date "2017.04.14"]
[Round "2.5"]
[White "Smith, Ellison"]
[Black "Smith, Alun"]
[Result "1/2-1/2"]
[WhiteElo "1179"]
[BlackElo "1593"]
[PlyCount "68"]
[EventDate "2017.04.14"]
[EventType "swiss"]
[EventRounds "7"]
[EventCountry "WLS"]
[SourceDate "2017.05.27"]

1. e4 e6 2. d4 d5 3. e5 c5 4. c3 Nc6 5. Nf3 Qb6 6. Bd3 Bd7 7. Bc2 cxd4 8. cxd4
Nge7 9. O-O Nf5 10. Bxf5 exf5 11. b3 Be7 12. Ba3 Bxa3 13. Nxa3 O-O 14. Nc2 h6
15. Rc1 Be6 16. Qd2 a5 17. a3 a4 18. b4 Na7 19. Rfd1 Nb5 20. Qd3 Rac8 21. Nfe1
Rc3 22. Qd2 Rfc8 23. h3 R8c6 24. Nd3 Nxa3 25. Nxa3 Rxa3 26. Nc5 Rb3 27. Nxb3
axb3 28. Rb1 Rc2 29. Qd3 Rc4 30. Qxb3 Rxd4 31. Rxd4 Qxd4 32. Qb2 Qb6 33. Rc1 g6
34. Qc3 Kg7 1/2-1/2

[Event "John Bishop Minor 2017"]
[Site "Cardiff"]
[Date "2017.04.14"]
[Round "2.6"]
[White "Jones, Jeremy"]
[Black "Rees, Morgan"]
[Result "1-0"]
[WhiteElo "1576"]
[BlackElo "1234"]
[PlyCount "105"]
[EventDate "2017.04.14"]
[EventType "swiss"]
[EventRounds "7"]
[EventCountry "WLS"]
[SourceDate "2017.05.27"]

1. e4 e5 2. Nf3 Nc6 3. Bc4 h6 4. O-O Nf6 5. Nc3 d6 6. h3 Be7 7. d4 exd4 8. Nxd4
Nxd4 9. Qxd4 c5 10. Qe3 O-O 11. Nd5 Re8 12. Qd3 a6 13. a4 b6 14. f3 Bb7 15. Qb3
Nxd5 16. Bxd5 Bxd5 17. Qxd5 Qc7 18. Bf4 c4 19. Rad1 Qc5+ 20. Qxc5 dxc5 21. Rd7
Bf6 22. c3 Be5 23. Bxe5 Rxe5 24. Rfd1 b5 25. Rb7 bxa4 26. Rdd7 Rf8 27. Ra7 Ree8
28. Rxa6 Ra8 29. Raa7 a3 30. bxa3 Rxa7 31. Rxa7 Rb8 32. Ra4 Rb3 33. Rxc4 Rxa3
34. Rxc5 f6 35. Rc7 Kf8 36. Kf2 g5 37. g4 Ke8 38. Kg3 Kd8 39. Rh7 Rxc3 40. Rxh6
Ke7 41. h4 gxh4+ 42. Rxh4 Ke6 43. Kf4 Rc5 44. Rh5 Rc4 45. Rd5 Rb4 46. Ra5 Rb6
47. g5 Kf7 48. Rf5 Kg6 49. Rxf6+ Rxf6+ 50. gxf6 Kxf6 51. e5+ Ke7 52. Kf5 Ke8
53. Kf6 1-0

[Event "John Bishop Minor 2017"]
[Site "Cardiff"]
[Date "2017.04.14"]
[Round "2.7"]
[White "Davies, Gareth"]
[Black "Phillips, Roger"]
[Result "1/2-1/2"]
[WhiteElo "1340"]
[BlackElo "1510"]
[PlyCount "55"]
[EventDate "2017.04.14"]
[EventType "swiss"]
[EventRounds "7"]
[EventCountry "WLS"]
[SourceDate "2017.05.27"]

1. d4 d5 2. Bf4 Nf6 3. Nf3 c5 4. c3 e6 5. e3 Bd6 6. Bg3 Nc6 7. Nbd2 O-O 8. Bd3
Re8 9. O-O Bxg3 10. hxg3 cxd4 11. exd4 Bd7 12. Re1 Rc8 13. Ne5 a6 14. Nxc6 Bxc6
15. Nf3 Qb6 16. Rb1 Qa5 17. a3 Bb5 18. Ne5 Bxd3 19. Nxd3 Ne4 20. Re3 Qd8 21.
Qg4 Qg5 22. Qxg5 Nxg5 23. f3 h6 24. Rbe1 Nh7 25. Kf2 Nf6 26. g4 Kf8 27. g3 Nd7
28. Ne5 1/2-1/2

[Event "John Bishop Minor 2017"]
[Site "Cardiff"]
[Date "2017.04.14"]
[Round "2.8"]
[White "Jones, Martin K"]
[Black "Guha, Anuraag"]
[Result "1-0"]
[WhiteElo "1503"]
[BlackElo "800"]
[PlyCount "39"]
[EventDate "2017.04.14"]
[EventType "swiss"]
[EventRounds "7"]
[EventCountry "WLS"]
[SourceDate "2017.05.27"]

1. e4 e6 2. d4 d5 3. exd5 exd5 4. Bd3 Nc6 5. c3 Nf6 6. Bg5 Be7 7. Nf3 Bg4 8.
Nbd2 O-O 9. Qc2 h6 10. h3 hxg5 11. hxg4 Nxg4 12. Bh7+ Kh8 13. Bf5+ Nh6 14.
O-O-O Kg8 15. g4 Nxf5 16. gxf5 f6 17. Qd3 g4 18. Nh4 Qd6 19. Ng6 Rf7 20. Rh8#
1-0

[Event "John Bishop Minor 2017"]
[Site "Cardiff"]
[Date "2017.04.14"]
[Round "2.9"]
[White "Jones, Dwain"]
[Black "Hamadah, Muhieddin"]
[Result "1/2-1/2"]
[WhiteElo "1245"]
[BlackElo "1302"]
[PlyCount "122"]
[EventDate "2017.04.14"]
[EventType "swiss"]
[EventRounds "7"]
[EventCountry "WLS"]
[SourceDate "2017.05.27"]

1. d4 d5 2. c4 dxc4 3. Nc3 Nc6 4. Nf3 Bg4 5. e3 Nb4 6. Bxc4 Nf6 7. O-O Nbd5 8.
Nxd5 Nxd5 9. Bd2 Nb6 10. Bxf7+ Kxf7 11. Ne5+ Kg8 12. Qxg4 Qc8 13. Qf3 h6 14.
Qf7+ Kh7 15. Qg6+ Kg8 16. f4 Qe8 17. Qe6+ Kh7 18. b3 Rd8 19. Qf5+ Kg8 20. Rac1
c6 21. Qe6+ Kh7 22. Qf7 Nd5 23. Qxe8 Rxe8 24. Nf7 Rg8 25. e4 Nf6 26. e5 Nd5 27.
f5 e6 28. f6 gxf6 29. exf6 Rg6 30. Ne5 Rxf6 31. Nd7 Rf5 32. Rce1 Rxf1+ 33. Rxf1
Bd6 34. Nf6+ Nxf6 35. Rxf6 Kg8 36. Rxh6 c5 37. Be3 cxd4 38. Bxd4 b6 39. Rh8+
Kf7 40. Rh7+ Kg8 41. Rg7+ Kf8 42. Rxa7 Rc8 43. g3 Bc5 44. Bxc5+ Rxc5 45. Ra6
Rb5 46. Kf2 Rh5 47. h4 Rf5+ 48. Ke3 Rb5 49. Ke4 Ke7 50. h5 Rxh5 51. Rxb6 Ra5
52. a4 Rg5 53. Rb5 Rxg3 54. a5 Rg1 55. Rb6 Kd7 56. b4 Kc7 57. Rxe6 Re1+ 58. Kd5
Rxe6 59. Kxe6 Kc6 60. a6 Kb6 61. a7 Kxa7 1/2-1/2

[Event "John Bishop Minor 2017"]
[Site "Cardiff"]
[Date "2017.04.14"]
[Round "2.10"]
[White "Hughes, Beryl"]
[Black "Christmas, Rosie"]
[Result "0-1"]
[WhiteElo "1444"]
[BlackElo "1039"]
[PlyCount "38"]
[EventDate "2017.04.14"]
[EventType "swiss"]
[EventRounds "7"]
[EventCountry "WLS"]
[SourceDate "2017.05.27"]

1. d4 Nf6 2. Bf4 g6 3. e3 Bg7 4. Nd2 Nh5 5. Ne2 d6 6. h3 Nxf4 7. Nxf4 Nc6 8.
Bb5 Bd7 9. O-O O-O 10. Re1 a6 11. Bxc6 Bxc6 12. Rb1 e5 13. Ne2 Qg5 14. Nf3 Bxf3
15. g3 exd4 16. exd4 Rae8 17. c3 Qd5 18. b3 Bh6 19. Rb2 Bh1 0-1

[Event "John Bishop Minor 2017"]
[Site "Cardiff"]
[Date "2017.04.14"]
[Round "2.11"]
[White "Watkins, Peter"]
[Black "Farhadi, Mohammad"]
[Result "0-1"]
[WhiteElo "1390"]
[BlackElo "1261"]
[PlyCount "32"]
[EventDate "2017.04.14"]
[EventType "swiss"]
[EventRounds "7"]
[EventCountry "WLS"]
[SourceDate "2017.05.27"]

1. d4 Nf6 2. Nf3 e6 3. e3 Nc6 4. c3 d5 5. Bd3 Bd6 6. Nbd2 O-O 7. O-O e5 8. dxe5
Nxe5 9. Nxe5 Bxe5 10. Nf3 Bd6 11. h3 Ne4 12. Qc2 Re8 13. Bd2 Re6 14. Bxe4 dxe4
15. Nd4 Rg6 16. Qxe4 Bxh3 0-1

[Event "John Bishop Minor 2017"]
[Site "Cardiff"]
[Date "2017.04.14"]
[Round "2.12"]
[White "Williams, Allan"]
[Black "Smith, Callum"]
[Result "0-1"]
[WhiteElo "1269"]
[BlackElo "1082"]
[PlyCount "96"]
[EventDate "2017.04.14"]
[EventType "swiss"]
[EventRounds "7"]
[EventCountry "WLS"]
[SourceDate "2017.05.27"]

1. d4 d5 2. e3 Nc6 3. c4 Nf6 4. Bd3 e6 5. Ne2 b6 6. O-O Bb7 7. a3 Bd6 8. Nbc3
O-O 9. b4 Be7 10. Nf4 a6 11. cxd5 exd5 12. Ncxd5 Nxd5 13. Ne2 Nf6 14. Qc2 b5
15. Bb2 Re8 16. e4 g6 17. Rac1 Rc8 18. f4 Ng4 19. Rf3 Bf6 20. e5 Bg7 21. f5
Nxd4 22. Nxd4 Bxf3 23. Nxf3 Nxe5 24. Nxe5 Bxe5 25. fxg6 hxg6 26. Bxe5 Rxe5 27.
Bxg6 Qe7 28. Bh7+ Kf8 29. Rf1 Re1 30. Qc3 Qe3+ 31. Qxe3 Rxe3 32. Bg6 Kg7 33.
Bxf7 Rf8 34. Bd5 Rxf1+ 35. Kxf1 Rxa3 36. Bb7 Ra4 37. h3 Rxb4 38. Bxa6 Rb1+ 39.
Ke2 b4 40. Kd3 b3 41. Kc3 b2 42. Bd3 Rg1 43. Kxb2 Rxg2+ 44. Kc1 Rh2 45. Bf5 Kf6
46. Bg4 Ke5 47. Bd7 Kd4 48. Bf5 c5 0-1